| 000 | 01421nam a2200385 c 4500 | ||
|---|---|---|---|
| 001 | 44678 | ||
| 003 | ES-MaCES | ||
| 005 | 20250526142647.0 | ||
| 007 | cr ||||||||||| | ||
| 008 | 140529s2014 sp l 000 | spa d | ||
| 017 |
_aNA 575-2014 _bDL |
||
| 020 | _a9788490591307 | ||
| 040 |
_aES-MaCES _bspa _cES-MaCES |
||
| 110 | 1 |
_aEspaña _tLeyes, etc., de Seguridad Social _93122 |
|
| 245 | 1 | 0 |
_aCódigo de la Seguridad Social _cconcordancias y notas a cargo de Guillermo Rodríguez Iniesta Antonio V. Sempere Navarro |
| 250 | _a19ª ed | ||
| 260 |
_aCizur Menor (Navarra) _bThomson Reuters-Aranzadi- _c2014 |
||
| 300 |
_a2592 p. _c24 cm |
||
| 490 | 1 |
_aColección Códigos básicos Aranzadi _v14 |
|
| 500 | _aÍndices | ||
| 500 | _aDisponible en formato electrónico mediante la aplicación PROVIEW | ||
| 541 | _cCompra | ||
| 650 | 4 |
_aseguridad social _927034 |
|
| 650 | 4 |
_alegislación de seguridad social _929855 |
|
| 650 | 4 |
_aEspaña _926964 |
|
| 650 | 4 |
_atexto _929624 |
|
| 653 | 1 | 0 | _aLegislación |
| 700 | 1 |
_aRodríguez Iniesta, Guillermo _eed. lit. _922367 |
|
| 700 | 1 |
_aSempere Navarro, Antonio Vicente _eed. lit. _923834 |
|
| 775 | 0 |
_tCódigo de la Seguridad Social _w(ES-MaCES)44220 |
|
| 830 | 0 |
_aColección Códigos básicos Aranzadi _v14 _932116 |
|
| 856 | 4 |
_uhttps://legalteca.aranzadilaley.es/my-library?sponsor=82111144-IP _yLegalteca |
|
| 902 | _aLIB Libro | ||
| 942 |
_2CES _cBK _h6.1. |
||
| 999 |
_c44678 _d44678 |
||